• 首页
  • 本馆介绍
  • 公告通知
  • 最新文献
  • 馆藏检索
  • 电子资源
  • 读者导购
  • 参考咨询
  • 我的图书馆
  • 登录
  • 详细信息显示
  • 放入我的书架
  • 预约/预借图书
  • 作者相关作品
  • 分类相关作品
  • 丛书相关作品
  • 出版社相关作品

书目信息

  • 表格格式
  • 工作单格式
  • 卡片格式
题名:
继续教育
    
 
作者: 弗拉季斯拉夫列夫 著 ;金允通 译
分册:  
出版信息: 北京   人民教育出版社  1985
页数: 144页
开本: 21cm
丛书名:
单 册:
中图分类: G72 , G40-1
科图分类:
主题词: 终生教育 , 教育学
电子资源:
ISBN:
000 00725nam0 2200265 45
001 0185011842
005 20040428171039.8
010    @dCNY0.83
100    @a19951021d1985 em y0chiy0121 ea
101 1  @achi@crus
102    @aCN@b110000
105    @ay z 000yy
106    @ar
200 10 @a继续教育@e问题与展望@Aji xu jiao yu@f(苏)弗拉季斯拉夫列夫著@g金允通译
210    @a北京@c人民教育出版社@d1985
215    @a144页@d21cm
606    @a终生教育
606 0  @a教育学
690    @aG72@v3
690    @aG40-1
701  1 @a弗拉季斯拉夫列夫@4著@Afu la ji si la fu lie fu
702  0 @a金允通@4译@Ajin yun tong
801  0 @aCN@b深圳图书馆@c20040428
801  2 @aCN@bNLC@c20040428
905    @f2@b171255-256@dG40-1@e95
    
    继续教育:问题与展望/(苏)弗拉季斯拉夫列夫著/金允通译.-北京:人民教育出版社,1985
    144页;21cm
    
    
    ISBN :CNY0.83
    
●
相关链接 在E读中查询图书 在五车中查询图书 在当当中查询图书 在豆瓣中查询图书


正题名:继续教育     索取号:G40-1/95         预约/预借

序号 登录号 条形码 馆藏地/架位号 状态 备注
1 0171255   000284249   密集书库/ [索取号:G40-1/95] 在馆    
2 0171256   000284178   密集书库/ [索取号:G40-1/95] 在馆    
3 0171257   002058141   第一样本阅览室/ [索取号:G40-1/95] 在馆    
唐山师范学院图书馆 欢迎您!
大连网信软件有限公司© 版权所有